Les 10 villes les plus peuplées de Gers (32) - Statistiques

Statistiques générales
  • Ce quiz a été pris 115 fois
  • Le résultat moyen est 6 sur 10
Statistiques - réponses
Population Communes % Correct
22 800 Auch
100%
6 500 Condom
75%
9 500 L'Isle-Jourdain
69%
3 400 Mirande
69%
6 100 Fleurance
61%
3 700 Lectoure
57%
3 100 Gimont
51%
4 100 Eauze
48%
3 600 Vic-Fezensac
48%
2 500 Pavie
34%
Aucun quiz correspondant
Distribution des résultats
% des personnes avec chaque résultat
Percentile par nombre de réponses
Votre historique - résultats
Vous n’avez pas pris ce quiz